[Event "Znojemska Rotunda 2009"]
[Site "?"]
[Date "2009.08.15"]
[Round "1.1"]
[White "Matras, Ondrej"]
[Black "Vavrousek, Petr"]
[Result "1-0"]
[WhiteElo "2248"]
[BlackElo "1813"]
[PlyCount "103"]
[EventDate "2009.08.??"]
[SourceDate "2009.08.15"]

1. d4 d5 2. c4 c6 3. Nc3 Nf6 4. Nf3 e6 5. Bg5 dxc4 6. e4 b5 7. e5 h6 8. Bh4 g5
9. Nxg5 hxg5 10. Bxg5 Be7 11. exf6 Bxf6 12. Bxf6 Qxf6 13. g3 Bb7 14. Bg2 Na6
15. Nxb5 cxb5 16. Bxb7 Nb4 17. O-O Rd8 18. Qd2 Nd3 19. Bc6+ Kf8 20. Be4 Qxd4
21. Bxd3 cxd3 22. Rfe1 Qg4 23. Re3 Qh3 24. f3 Qf5 25. Rd1 Qc5 26. Kg2 Qf5 27.
h4 Qg6 28. Rxd3 Rxd3 29. Qxd3 Qxd3 30. Rxd3 Ke7 31. Ra3 Ra8 32. g4 a5 33. Kg3
a4 34. Rc3 Rd8 35. Rc5 Rb8 36. Rc7+ Kf6 37. h5 b4 38. Ra7 b3 39. Rxa4 bxa2 40.
Rxa2 Rb3 41. Ra8 Kg7 42. g5 Rb5 43. f4 Rxb2 44. Ra7 Kg8 45. h6 Rb8 46. Kg4 Rf8
47. g6 fxg6 48. Kg5 Kh8 49. Kxg6 Rg8+ 50. Rg7 Rf8 51. h7 e5 52. Rg8+ 1-0

[Event "Znojemska Rotunda 2009"]
[Site "?"]
[Date "2009.08.15"]
[Round "1.2"]
[White "Adam, Petr ml."]
[Black "Adam, Petr st."]
[Result "0-1"]
[WhiteElo "1795"]
[BlackElo "2115"]
[PlyCount "46"]
[EventDate "2009.08.??"]
[SourceDate "2009.08.15"]

1. e4 a6 2. a4 c5 3. Nc3 e6 4. g3 b6 5. Bg2 Bb7 6. Nge2 Nf6 7. O-O d5 8. e5
Nfd7 9. f4 Nc6 10. Kh1 Be7 11. d4 Qc7 12. Be3 h5 13. h4 g6 14. Qd2 Kf8 15. Kh2
Kg7 16. Rfd1 Rac8 17. dxc5 Nxc5 18. Nd4 Na5 19. b3 Ncxb3 20. Nxd5 Nxd2 21. Nxc7
Ndc4 22. Ncxe6+ fxe6 23. Nxe6+ Kf7 0-1

[Event "Znojemska Rotunda 2009"]
[Site "?"]
[Date "2009.08.15"]
[Round "1.3"]
[White "Svanda, Josef"]
[Black "Hemala, Lubos"]
[Result "1-0"]
[WhiteElo "2094"]
[BlackElo "1688"]
[PlyCount "52"]
[EventDate "2009.08.??"]
[SourceDate "2009.08.15"]

1. e4 e5 2. Nf3 Nc6 3. Bb5 a6 4. Ba4 Nf6 5. O-O Be7 6. Re1 b5 7. Bb3 O-O 8. a4
Bb7 9. d3 d6 10. Bd2 Nd7 11. Nc3 Nc5 12. Bd5 b4 13. Ne2 b3 14. Be3 bxc2 15. Qd2
Nxd3 16. Qxd3 Nb4 17. Qb3 Bxd5 18. exd5 a5 19. Bd2 Rb8 20. Bxb4 Rxb4 21. Qxc2
Qb8 22. Rab1 f5 23. Ned4 Qb7 24. Nc6 Bf6 25. Nxb4 axb4 26. Qc4 Qb6 1-0

[Event "Znojemska Rotunda 2009"]
[Site "?"]
[Date "2009.08.15"]
[Round "1.4"]
[White "Rysavy, Jindrich"]
[Black "Dvorak, Libor"]
[Result "0-1"]
[WhiteElo "1678"]
[BlackElo "2077"]
[PlyCount "36"]
[EventDate "2009.08.??"]
[SourceDate "2009.08.15"]

1. e4 c5 2. Nf3 d6 3. d4 cxd4 4. Nxd4 Nf6 5. Nc3 g6 6. Be3 Bg7 7. f3 O-O 8. Qd2
Nc6 9. O-O-O d5 10. exd5 Nxd5 11. Nxc6 bxc6 12. Nxd5 cxd5 13. Qxd5 Qc7 14. Qxa8
Bf5 15. Qxf8+ Kxf8 16. Rd2 Qb8 17. b3 h5 18. Bd3 Qe5 0-1

[Event "Znojemska Rotunda 2009"]
[Site "?"]
[Date "2009.08.15"]
[Round "1.5"]
[White "Lacina, Filip"]
[Black "Smrckova, Svetlana"]
[Result "1-0"]
[WhiteElo "2013"]
[BlackElo "1552"]
[PlyCount "31"]
[EventDate "2009.08.??"]
[SourceDate "2009.08.15"]

1. e4 e5 2. Nc3 Nf6 3. f4 Nc6 4. fxe5 Nxe5 5. d4 Ng6 6. e5 Ng8 7. Bc4 d6 8. Nf3
Bg4 9. O-O dxe5 10. Bxf7+ Kxf7 11. Nxe5+ Ke8 12. Nxg6 Nf6 13. Qe1+ Kf7 14. Ne5+
Kg8 15. Nxg4 Nxg4 16. Qe6# 1-0

[Event "Znojemska Rotunda 2009"]
[Site "?"]
[Date "2009.08.15"]
[Round "1.6"]
[White "Novotny, Richard"]
[Black "Petlak, Josef"]
[Result "0-1"]
[WhiteElo "1546"]
[BlackElo "2008"]
[PlyCount "120"]
[EventDate "2009.08.??"]
[SourceDate "2009.08.15"]

1. e4 e6 2. d4 d5 3. exd5 exd5 4. Bd3 Bd6 5. Nf3 Nf6 6. O-O O-O 7. Re1 Bg4 8.
Bg5 Nbd7 9. c3 c6 10. Nbd2 Bh5 11. Qc2 Bg6 12. Bxg6 hxg6 13. Ne5 Qc7 14. Nxd7
Bxh2+ 15. Kh1 Nxd7 16. g3 Bxg3 17. fxg3 Qxg3 18. Be3 Qh3+ 19. Kg1 Qg4+ 20. Kh1
Rae8 21. Nf1 Re4 22. Qg2 Qh5+ 23. Nh2 Nf6 24. Bf2 Rfe8 25. Qf3 Ng4 26. Qg3
Nxf2+ 27. Qxf2 Re2 28. Qg3 R8e3 29. Qg1 Qh4 30. Rxe2 Rxe2 31. Rf1 Qe4+ 32. Nf3
Rxb2 33. Rf2 Rb1 34. Rf1 Rxf1 35. Qxf1 g5 36. Kg1 f6 37. Kf2 b5 38. Qe2 Kf7 39.
Nd2 Qh4+ 40. Kg2 g4 41. Qe3 Qh7 42. Qf4 Qh3+ 43. Kf2 Qxc3 44. Qc7+ Kg6 45. Qf4
Qh3 46. Nf1 Qf3+ 47. Qxf3 gxf3 48. Kxf3 a5 49. Nd2 b4 50. Nb3 a4 51. Nc5 b3 52.
axb3 a3 53. b4 a2 54. Nb3 Kf5 55. Na1 g5 56. Nc2 g4+ 57. Ke3 Kg5 58. Kf2 Kh4
59. Kg2 f5 60. Na1 f4 0-1

[Event "Znojemska Rotunda 2009"]
[Site "?"]
[Date "2009.08.15"]
[Round "1.7"]
[White "Dobes, Oldrich"]
[Black "Skoumal, Radek"]
[Result "1-0"]
[WhiteElo "1998"]
[BlackElo "1474"]
[PlyCount "79"]
[EventDate "2009.08.??"]
[SourceDate "2009.08.15"]

1. e4 c5 2. Nf3 Nc6 3. d4 cxd4 4. Nxd4 d6 5. c4 Nf6 6. Nc3 a6 7. Be2 e5 8. Nc2
Be7 9. O-O O-O 10. b3 Bd7 11. Qd3 Be6 12. Rd1 Qd7 13. Qg3 g6 14. Bg5 Bg4 15.
Bxg4 Qxg4 16. Qxg4 Nxg4 17. Bxe7 Nxe7 18. Rxd6 Nc6 19. f3 Nh6 20. Rad1 Rad8 21.
Rxd8 Rxd8 22. Rxd8+ Nxd8 23. Kf2 Kg7 24. Ke3 Nc6 25. b4 f5 26. b5 axb5 27. cxb5
f4+ 28. Kd3 Ne7 29. Kc4 Nf7 30. a4 Nd6+ 31. Kc5 Nec8 32. a5 Kf7 33. Nb4 Ke7 34.
Nbd5+ Kd7 35. Na4 Kd8 36. Nab6 Nxb6 37. Nxb6 Kc7 38. Nc4 Nc8 39. b6+ Kb8 40.
Nxe5 1-0

[Event "Znojemska Rotunda 2009"]
[Site "?"]
[Date "2009.08.15"]
[Round "1.8"]
[White "Caha, Martin"]
[Black "Mikulu, Lukas"]
[Result "0-1"]
[WhiteElo "1250"]
[BlackElo "1978"]
[PlyCount "38"]
[EventDate "2009.08.??"]
[SourceDate "2009.08.15"]

1. d4 d5 2. e3 Nf6 3. Nc3 Bf5 4. Bd3 Bxd3 5. Qxd3 c6 6. e4 dxe4 7. Nxe4 Nbd7 8.
Qe3 e6 9. Nf3 Be7 10. h3 Qc7 11. b3 O-O-O 12. Bb2 Nd5 13. Qd2 N7f6 14. Neg5 Bd6
15. Ne5 Rhf8 16. c4 Bb4 17. cxd5 Bxd2+ 18. Kxd2 exd5 19. Ba3 Qa5+ 0-1

[Event "Znojemska Rotunda 2009"]
[Site "?"]
[Date "2009.08.15"]
[Round "1.9"]
[White "Skokan, Frantisek"]
[Black "Foucek, Simon"]
[Result "1-0"]
[WhiteElo "1854"]
[BlackElo "1250"]
[PlyCount "53"]
[EventDate "2009.08.??"]
[SourceDate "2009.08.15"]

1. e4 c5 2. Nf3 Nc6 3. d4 cxd4 4. Nxd4 Nf6 5. Nc3 e5 6. Nb3 Bb4 7. Bd3 O-O 8.
Bd2 Bxc3 9. Bxc3 d6 10. O-O Be6 11. Kh1 d5 12. exd5 Bxd5 13. f3 Qd6 14. Qe1
Rae8 15. Qg3 g6 16. Rae1 Re7 17. Bb5 Rfe8 18. Qh4 Kg7 19. Bxc6 bxc6 20. Bb4 Qe6
21. Nc5 Qf5 22. c4 Bxc4 23. Qxc4 Qh5 24. Ne4 Nd5 25. Bxe7 Nxe7 26. Nd6 Rf8 27.
f4 1-0

[Event "Znojemska Rotunda 2009"]
[Site "?"]
[Date "2009.08.15"]
[Round "1.10"]
[White "Hemalova, Lydie"]
[Black "Rysavy, Jan"]
[Result "0-1"]
[WhiteElo "1250"]
[BlackElo "1877"]
[PlyCount "96"]
[EventDate "2009.08.??"]
[SourceDate "2009.08.15"]

1. e4 e5 2. Nf3 Nc6 3. Bc4 Bc5 4. c3 Nf6 5. d4 exd4 6. cxd4 Bb4+ 7. Nc3 O-O 8.
O-O Bxc3 9. bxc3 Nxe4 10. Qc2 d5 11. Bd3 Nf6 12. Bg5 h6 13. Bh4 Bg4 14. h3 Bxf3
15. gxf3 Qd6 16. Bg3 Qd7 17. Bf5 Qd8 18. Rfe1 Nh5 19. Kg2 Nxg3 20. fxg3 Re8 21.
Kf2 Qf6 22. Rxe8+ Rxe8 23. Re1 Rxe1 24. Kxe1 g6 25. Bc8 Qxf3 26. Bxb7 Qxg3+ 27.
Kd1 Qf3+ 28. Kc1 Qf1+ 29. Qd1 Qxd1+ 30. Kxd1 Ne7 31. Ke2 f5 32. Kf3 Kf7 33. Kf4
Kf6 34. h4 g5+ 35. hxg5+ hxg5+ 36. Kg3 Kg6 37. Ba6 Ng8 38. Bd3 Nf6 39. a4 Ne4+
40. Bxe4 dxe4 41. c4 f4+ 42. Kf2 Kf5 43. c5 e3+ 44. Kf3 g4+ 45. Ke2 Ke4 46. d5
f3+ 47. Kf1 e2+ 48. Kf2 g3+ 0-1

[Event "Znojemska Rotunda 2009"]
[Site "?"]
[Date "2009.08.16"]
[Round "2.1"]
[White "Petlak, Josef"]
[Black "Matras, Ondrej"]
[Result "0-1"]
[WhiteElo "2008"]
[BlackElo "2248"]
[PlyCount "108"]
[EventDate "2009.08.??"]
[SourceDate "2009.08.15"]

1. e4 e6 2. d4 d5 3. exd5 exd5 4. Bd3 Bd6 5. Nf3 Ne7 6. Bg5 f6 7. Bh4 Bf5 8.
Bg3 c6 9. c3 O-O 10. Qc2 Bxd3 11. Qxd3 Re8 12. O-O Na6 13. Nbd2 Nc7 14. Rfe1
Bxg3 15. hxg3 Qd7 16. Nh4 Nb5 17. Re2 Nd6 18. Rae1 Rad8 19. g4 Nec8 20. Nf5 g6
21. Nxd6 Nxd6 22. f3 Kf7 23. Kf2 Rxe2+ 24. Rxe2 Re8 25. Rxe8 Qxe8 26. Qe3 {(=)}
26... Qd8 27. Nb3 Nc4 28. Qh6 Kg8 29. Nc5 Nxb2 30. Qd2 b6 31. Qxb2 bxc5 32. Qb7
cxd4 33. cxd4 Qb6 34. Qc8+ Kg7 35. Qd7+ Kh6 36. g5+ fxg5 37. Ke3 c5 38. Qxd5
cxd4+ 39. Ke4 Qb2 40. g4 Qe2+ 41. Kxd4 Qd2+ 42. Ke5 Qxd5+ 43. Kxd5 Kg7 44. Ke5
a5 45. Ke6 a4 46. Ke5 a3 47. Ke6 h6 48. Ke5 Kf7 49. f4 gxf4 50. Kxf4 Kf6 51.
g5+ hxg5+ 52. Kg4 Ke6 53. Kf3 Kf5 54. Kg3 Ke4 0-1

[Event "Znojemska Rotunda 2009"]
[Site "?"]
[Date "2009.08.16"]
[Round "2.2"]
[White "Adam, Petr st."]
[Black "Dobes, Oldrich"]
[Result "1-0"]
[WhiteElo "2115"]
[BlackElo "1998"]
[PlyCount "35"]
[EventDate "2009.08.??"]
[SourceDate "2009.08.15"]

1. d4 Nf6 2. Bg5 Ne4 3. Bf4 d6 4. Nd2 Nf6 5. e4 Nbd7 6. Ngf3 g6 7. Bc4 e6 8.
Qe2 Nh5 9. Be3 c6 10. Bb3 Bg7 11. O-O-O a5 12. Nc4 Nb6 13. e5 Nxc4 14. Bxc4 Bf8
15. exd6 b5 16. d5 bxc4 17. dxe6 Bxe6 18. d7+ 1-0

[Event "Znojemska Rotunda 2009"]
[Site "?"]
[Date "2009.08.16"]
[Round "2.3"]
[White "Mikulu, Lukas"]
[Black "Svanda, Josef"]
[Result "0-1"]
[WhiteElo "1988"]
[BlackElo "2094"]
[PlyCount "60"]
[EventDate "2009.08.??"]
[SourceDate "2009.08.15"]

1. e4 c5 2. Nf3 d6 3. d4 cxd4 4. Nxd4 Nf6 5. Nc3 g6 6. Be3 Bg7 7. Bc4 O-O 8. f3
Nc6 9. Qd2 Bd7 10. O-O-O Rc8 11. Bb3 Ne5 12. g4 Nc4 13. Bxc4 Rxc4 14. h4 h5 15.
Nde2 hxg4 16. Bh6 Qa5 17. Bxg7 Kxg7 18. f4 Rfc8 19. Kb1 Be6 20. Nd4 Rxc3 21.
Nxe6+ fxe6 22. bxc3 Rc6 23. Qd4 e5 24. fxe5 dxe5 25. Qe3 Qa3 26. h5 Rb6+ 27.
Qxb6 axb6 28. h6+ Kh7 29. Rdf1 Qxc3 30. Rfg1 Nxe4 0-1

[Event "Znojemska Rotunda 2009"]
[Site "?"]
[Date "2009.08.16"]
[Round "2.4"]
[White "Dvorak, Libor"]
[Black "Marek, Jakub"]
[Result "1-0"]
[WhiteElo "2077"]
[BlackElo "1100"]
[PlyCount "31"]
[EventDate "2009.08.??"]
[SourceDate "2009.08.15"]

1. Nf3 d6 2. c4 Nc6 3. g3 b6 4. Bg2 Bb7 5. O-O Qd7 6. Nc3 O-O-O 7. d4 g6 8. d5
Na5 9. Qd4 Nf6 10. b4 Nxc4 11. Qxc4 Bg7 12. Nd4 a5 13. Nc6 Bxc6 14. dxc6 Qf5
15. Qa6+ Kb8 16. Qb7# 1-0

[Event "Znojemska Rotunda 2009"]
[Site "?"]
[Date "2009.08.16"]
[Round "2.5"]
[White "Rysavy, Jan"]
[Black "Lacina, Filip"]
[Result "1/2-1/2"]
[WhiteElo "1877"]
[BlackElo "2013"]
[PlyCount "90"]
[EventDate "2009.08.??"]
[SourceDate "2009.08.15"]

1. e4 c5 2. Nf3 d6 3. d4 cxd4 4. Nxd4 Nf6 5. Nc3 g6 6. Be3 Bg7 7. f3 O-O 8. Qd2
Nc6 9. g4 Bxg4 10. fxg4 Nxg4 11. Nxc6 bxc6 12. Bf4 Rb8 13. h3 Ne5 14. O-O-O
Rxb2 15. Kxb2 Qb6+ 16. Kc1 Rb8 17. Qe3 Qa5 18. Bxe5 Qa3+ 19. Kd2 Bxe5 20. Bc4
Rb4 21. Nd5 Qa4 22. Nxb4 Qxb4+ 23. Kd3 Qc3+ 24. Ke2 Qxc4+ 25. Qd3 Qxa2 26. Rb1
c5 27. Qb3 Qa6+ 28. Qb5 Qa2 29. Qb3 Qa6+ 30. c4 Qc6 31. Qf3 Qa4 32. Qb3 Qc6 33.
Kd3 Qd7 34. Qb5 Qe6 35. Qe8+ Kg7 36. Rb8 Kh6 37. Rb7 Bf6 38. Qf8+ Kh5 39. Qg8
h6 40. Rb3 Qe5 41. Re1 Qd4+ 42. Ke2 Qxc4+ 43. Rd3 Qc2+ 44. Rd2 Qxe4+ 45. Kf1
Qh1+ 1/2-1/2

[Event "Znojemska Rotunda 2009"]
[Site "?"]
[Date "2009.08.16"]
[Round "2.6"]
[White "Vavrousek, Petr"]
[Black "Skokan, Frantisek"]
[Result "1-0"]
[WhiteElo "1813"]
[BlackElo "1901"]
[PlyCount "87"]
[EventDate "2009.08.??"]
[SourceDate "2009.08.15"]

1. e4 c5 2. Nf3 d6 3. d4 cxd4 4. Nxd4 Nf6 5. Nc3 a6 6. Bc4 e5 7. Nb3 Be7 8. Qf3
O-O 9. Nd5 Nxd5 10. Bxd5 Nc6 11. Bd2 Be6 12. O-O-O Rc8 13. Kb1 Qc7 14. h4 a5
15. c3 a4 16. Nc1 b5 17. Nd3 Na5 18. Nb4 Qd7 19. Bg5 Bg4 20. Qg3 Bxd1 21. Rxd1
Kh8 22. Bc1 f5 23. Qh3 Rcd8 24. Qd3 f4 25. g3 fxg3 26. Qxg3 Rf6 27. h5 Rdf8 28.
Rg1 Bd8 29. Be3 Rf3 30. Qg2 Nc4 31. Bh6 R8f7 32. Bxf7 Rxf7 33. Nd5 Qa7 34. Be3
Nxe3 35. Nxe3 Bb6 36. Qh3 Qb8 37. Qg3 {(=)} 37... Qf8 38. Nf5 d5 39. h6 g6 40.
Qxe5+ Kg8 41. Qxd5 Bxf2 42. Rf1 Bc5 43. Nd4 Be7 44. Nc6 1-0

[Event "Znojemska Rotunda 2009"]
[Site "?"]
[Date "2009.08.16"]
[Round "2.7"]
[White "Skoumal, Radek"]
[Black "Adam, Petr ml."]
[Result "0-1"]
[WhiteElo "1474"]
[BlackElo "1795"]
[PlyCount "86"]
[EventDate "2009.08.??"]
[SourceDate "2009.08.15"]

1. d4 c5 2. c4 cxd4 3. Nf3 e6 4. Bf4 Nc6 5. a3 a5 6. Nxd4 Qf6 7. e3 e5 8. Nxc6
bxc6 9. Bg3 Bc5 10. Nd2 d5 11. Qf3 Qe6 12. e4 d4 13. Qf5 f6 14. Qxe6+ Bxe6 15.
Be2 Ne7 16. O-O O-O 17. f3 d3+ 18. Bf2 dxe2 19. Rfe1 Bxf2+ 20. Kxf2 Rab8 21.
Rab1 Rb7 22. Kxe2 a4 23. b4 Rd8 24. b5 cxb5 25. Rb4 Nc6 26. Rb2 Rdb8 27. Reb1
Kf7 28. Ke3 Na5 29. Rxb5 Rxb5 30. Rxb5 Rxb5 31. cxb5 Ke7 32. Kd3 Kd6 33. Kc3
Kc5 34. b6 Kxb6 35. Kb4 Nb3 36. Nc4+ Bxc4 37. Kxc4 Ka5 38. Kc3 Kb5 39. g3 Nc1
40. f4 exf4 41. gxf4 Ne2+ 42. Kd2 Nxf4 43. e5 fxe5 0-1

[Event "Znojemska Rotunda 2009"]
[Site "?"]
[Date "2009.08.16"]
[Round "2.8"]
[White "Hemala, Lubos"]
[Black "Novotny, Richard"]
[Result "1-0"]
[WhiteElo "1688"]
[BlackElo "1546"]
[PlyCount "107"]
[EventDate "2009.08.??"]
[SourceDate "2009.08.15"]

1. e4 e5 2. Nf3 d6 3. d4 exd4 4. Nxd4 Nf6 5. Nc3 Be7 6. Bf4 O-O 7. Bc4 Nbd7 8.
Qd2 Nb6 9. Bb3 c5 10. Ndb5 c4 11. Ba4 Nxa4 12. Nxa4 Bd7 13. Nac3 Bxb5 14. Nxb5
Nxe4 15. Qd5 Qb6 16. Qxe4 Qxb5 17. O-O-O Rfe8 18. Rd5 Qc6 19. Rhd1 c3 20. Qd3
cxb2+ 21. Kb1 Rac8 22. f3 Red8 23. g4 Qa4 24. Rd4 Qa5 25. Rd5 Rc5 26. Qe4 Rxd5
27. Rxd5 Qc7 28. Rh5 g6 29. Rb5 b6 30. Qd4 Rc8 31. Rxb2 Qc4 32. Qxc4 Rxc4 33.
Bg3 Rd4 34. Rb3 Bf6 35. c3 Rc4 36. Kc2 d5 37. Bb8 a5 38. Kd3 Bg7 39. f4 a4 40.
Rxb6 Rxc3+ 41. Kd2 Ra3 42. Bd6 Rxa2+ 43. Kd3 h6 44. Rb8+ Kh7 45. Ra8 Bb2 46.
Ra5 d4 47. Ra7 Kg7 48. Be5+ Kf8 49. Bf6 Ke8 50. f5 gxf5 51. gxf5 a3 52. Re7+
Kf8 53. Rd7 Ke8 54. Rd8# 1-0

[Event "Znojemska Rotunda 2009"]
[Site "?"]
[Date "2009.08.16"]
[Round "2.9"]
[White "Foucek, Simon"]
[Black "Rysavy, Jindrich"]
[Result "0-1"]
[WhiteElo "1250"]
[BlackElo "1678"]
[PlyCount "116"]
[EventDate "2009.08.??"]
[SourceDate "2009.08.15"]

1. e4 c5 2. Nf3 d6 3. d4 cxd4 4. Nxd4 Nf6 5. Nc3 e6 6. Bg5 Be7 7. Bb5+ Bd7 8.
Bxd7+ Nbxd7 9. O-O Qb6 10. Rb1 e5 11. Nf5 Bf8 12. Qe2 a6 13. Qe3 Qxe3 14. Nxe3
h6 15. Bxf6 Nxf6 16. Ncd5 Nxd5 17. Nxd5 Rc8 18. Nc3 Be7 19. Rbd1 O-O 20. Rd2
Rfd8 21. Rfd1 b5 22. Nd5 Kf8 23. g3 Rc6 24. Kg2 a5 25. Kh3 Rdc8 26. c3 g6 27.
f3 f6 28. a3 Kf7 29. Rc1 f5 30. Nxe7 Kxe7 31. exf5 gxf5 32. Rd5 Rb6 33. f4 Ke6
34. Rcd1 exf4 35. gxf4 Rcc6 36. R1d4 Rc7 37. Rd2 Rc4 38. R2d4 Rc5 39. Rxc5 dxc5
40. Rd8 b4 41. cxb4 axb4 42. axb4 Rxb4 43. Re8+ Kf6 44. Re2 Rxf4 45. Kg3 Rb4
46. Kf3 c4 47. Kg2 Rb3 48. Kf2 c3 49. bxc3 Rxc3 50. Kg2 Kg5 51. Rf2 f4 52. h3
h5 53. Kh2 f3 54. Kg3 h4+ 55. Kh2 Kf4 56. Kh1 Kg3 57. Kg1 Rc1+ 58. Rf1 f2+ 0-1

[Event "Znojemska Rotunda 2009"]
[Site "?"]
[Date "2009.08.16"]
[Round "2.10"]
[White "Smrckova, Svetlana"]
[Black "Caha, Martin"]
[Result "1-0"]
[WhiteElo "1552"]
[BlackElo "1250"]
[PlyCount "129"]
[EventDate "2009.08.??"]
[SourceDate "2009.08.15"]

1. d4 d5 2. c4 Nc6 3. Nc3 e6 4. Nf3 Bb4 5. Bd2 Nf6 6. a3 Ba5 7. b4 Ne4 8. bxa5
Nxa5 9. Nxe4 dxe4 10. Bxa5 exf3 11. exf3 O-O 12. Bd3 Qg5 13. Bxc7 Qxg2 14. Ke2
f6 15. Rg1 Qh3 16. Rg3 Qh4 17. Qg1 Rf7 18. Rg4 Qh6 19. Bf4 Qh5 20. Qg3 e5 21.
dxe5 fxe5 22. Bxe5 Bxg4 23. fxg4 Qg5 24. f4 Qe7 25. Re1 Raf8 26. Kf1 Qg5 27.
Kg2 Qh6 {(=)} 28. g5 Qc6+ 29. Qf3 Qd7 30. g6 hxg6 31. Bxg6 Qd2+ 32. Re2 Rxf4
33. Bxf4 Qxf4 34. Qxf4 Rxf4 35. Re8+ Rf8 36. Bh7+ Kf7 37. Bg6+ Kg8 38. Rxf8+
Kxf8 39. Kf3 Ke7 40. Kf4 Kf6 41. Be4 b6 42. h4 a6 43. Bd5 Kg6 44. Kg4 Kh6 45.
Bf7 g6 46. Be8 a5 47. a4 Kg7 48. Kg5 Kh7 49. Bxg6+ Kg7 50. Kf5 Kh6 51. h5 Kg7
52. Ke6 Kf8 53. Kd6 Kg8 54. Kc6 Kf8 55. Kxb6 Kg7 56. c5 Kf6 57. c6 Kg5 58. c7
Kf6 59. c8=Q Kg5 60. Qf5+ Kh6 61. Kc6 Kg7 62. Bh7 Kh8 63. Kd7 Kg7 64. Qg6+ Kf8
65. Qf6# 1-0

[Event "Znojemska Rotunda 2009"]
[Site "?"]
[Date "2009.08.16"]
[Round "3.1"]
[White "Matras, Ondrej"]
[Black "Dvorak, Libor"]
[Result "1-0"]
[WhiteElo "2248"]
[BlackElo "2077"]
[PlyCount "75"]
[EventDate "2009.08.??"]
[SourceDate "2009.08.15"]

1. d4 Nf6 2. c4 c5 3. d5 b5 4. cxb5 a6 5. bxa6 Bxa6 6. Nc3 g6 7. Nf3 Bg7 8. e4
Bxf1 9. Kxf1 d6 10. g3 Nbd7 11. Kg2 O-O 12. Re1 Qa5 13. Re2 Rfb8 14. h3 Ne8 {
(=)} 15. Bg5 h6 16. Be3 Nb6 17. Qd3 Qb4 18. Rae1 Nc4 19. Bc1 Nf6 20. e5 Nd7 21.
e6 Nde5 22. exf7+ Kxf7 23. Nxe5+ Nxe5 24. Qc2 c4 25. f4 Nd3 26. Rxe7+ Kf8 27.
R1e2 Rb7 28. R7e6 Kf7 29. h4 Rd8 30. Kh2 Qc5 31. Be3 Qa5 32. Bc1 Rdd7 33. f5
gxf5 34. Rf2 Kf8 35. Qe2 Ne5 36. Bxh6 Bxh6 37. Rxh6 Ng4+ 38. Qxg4 1-0

[Event "Znojemska Rotunda 2009"]
[Site "?"]
[Date "2009.08.16"]
[Round "3.2"]
[White "Svanda, Josef"]
[Black "Adam, Petr st."]
[Result "0-1"]
[WhiteElo "2094"]
[BlackElo "2115"]
[PlyCount "96"]
[EventDate "2009.08.??"]
[SourceDate "2009.08.15"]

1. e4 b6 2. d4 e6 3. Bd3 c5 4. c3 cxd4 5. cxd4 Nc6 6. Nf3 Nb4 7. Be2 Ba6 8. a3
Bxe2 9. Qxe2 Qc8 10. Nc3 Qa6 11. Qxa6 Nxa6 12. Bf4 Nf6 13. Rc1 Be7 14. b4 O-O
15. O-O Rfc8 16. Nd2 Nc7 17. Bg5 Bf8 18. f4 d5 19. e5 Nd7 20. Ndb1 a6 21. f5 b5
22. fxe6 Nxe6 23. Be3 Nb6 24. Rf3 Ra7 25. Kf1 Rac7 26. Ke2 Be7 27. Kd3 Bg5 28.
Rcf1 Bxe3 29. Rxe3 Nc4 30. Re2 Nb6 31. Ref2 h6 32. h4 Rd7 33. Nd2 Rdc7 34. Ndb1
Rc4 35. Ne2 R8c7 36. Nd2 Rc2 37. Rb1 Ra2 38. Rb3 Rcc2 39. Nc3 Nf4+ 40. Ke3 Nc4+
41. Kxf4 Rxd2 42. Rf3 Rxd4+ 43. Kf5 Rxg2 44. e6 fxe6+ 45. Kxe6 Rxh4 46. Nxd5
Rg6+ 47. Kf5 Rg5+ 48. Ke6 Re4+ 0-1

[Event "Znojemska Rotunda 2009"]
[Site "?"]
[Date "2009.08.16"]
[Round "3.3"]
[White "Lacina, Filip"]
[Black "Petlak, Josef"]
[Result "0-1"]
[WhiteElo "2013"]
[BlackElo "2008"]
[PlyCount "116"]
[EventDate "2009.08.??"]
[SourceDate "2009.08.15"]

1. e4 e6 2. d4 d5 3. Nc3 Bb4 4. e5 b6 5. Qg4 g6 6. h4 h5 7. Qg3 Be7 8. Bd3 Kf8
9. Nce2 Nh6 10. Bg5 Nf5 11. Qf4 Kg7 12. Nf3 c5 13. c3 a5 14. O-O Ba6 15. Rad1
Bxd3 16. Rxd3 c4 17. Re3 Nc6 18. Ng3 b5 19. Nxf5+ gxf5 20. Qg3 Kf8 21. Bxe7+
Qxe7 22. Ng5 Ke8 23. Nh7 Kd8 24. Nf6 Kc7 25. Qf4 Qf8 26. Qg5 Qh6 27. Rg3 Raf8
28. Re1 b4 29. Qxh6 Rxh6 30. Rg5 f4 31. g3 Ne7 32. Kg2 fxg3 33. fxg3 Nf5 34.
Nxd5+ Kc6 35. Nf6 Rg6 36. Nxh5 Rxg5 37. hxg5 bxc3 38. bxc3 Rb8 39. Nf4 a4 40.
g6 fxg6 41. g4 Ne7 42. Nxe6 Nd5 43. Rc1 a3 44. Kf3 Rb2 45. Nf4 Rxa2 46. Nxd5
Kxd5 47. Kf4 Rb2 48. Kg5 Rb6 49. Ra1 Ra6 50. Kf4 a2 51. Ke3 g5 52. Kd2 Rh6 53.
Ke3 Rh2 54. Rf1 Rc2 55. Ra1 Rxc3+ 56. Kd2 Rh3 57. Re1 Kxd4 58. e6 Rh2+ 0-1

[Event "Znojemska Rotunda 2009"]
[Site "?"]
[Date "2009.08.16"]
[Round "3.4"]
[White "Dobes, Oldrich"]
[Black "Rysavy, Jan"]
[Result "1-0"]
[WhiteElo "1998"]
[BlackElo "1877"]
[PlyCount "51"]
[EventDate "2009.08.??"]
[SourceDate "2009.08.15"]

1. Nf3 d5 2. d4 Bf5 3. g3 Nc6 4. Bg2 e6 5. O-O Nf6 6. c3 Bd6 7. Nbd2 Qe7 8. Re1
Rd8 9. Nh4 g5 10. Nxf5 exf5 11. Nf1 h6 12. Qb3 Qe6 13. Qxb7 Kd7 14. Qb3 Ne7 15.
f3 f4 16. e4 fxg3 17. hxg3 Nh5 18. e5 Nc6 19. exd6 Qxe1 20. dxc7 Rc8 21. Qxd5+
Ke8 22. Qxc6+ Kf8 23. g4 Nf4 24. Bxf4 Qxa1 25. Qd7 Kg7 26. Be5+ 1-0

[Event "Znojemska Rotunda 2009"]
[Site "?"]
[Date "2009.08.16"]
[Round "3.5"]
[White "Rysavy, Jindrich"]
[Black "Mikulu, Lukas"]
[Result "0-1"]
[WhiteElo "1678"]
[BlackElo "1988"]
[PlyCount "90"]
[EventDate "2009.08.??"]
[SourceDate "2009.08.15"]

1. e4 e5 2. Nf3 Nc6 3. Bb5 a6 4. Ba4 Nf6 5. O-O Nxe4 6. Re1 Nc5 7. Bxc6 dxc6 8.
d4 Ne6 9. dxe5 Qxd1 10. Rxd1 Bc5 11. Nc3 h6 12. Rd3 Bd7 13. Be3 O-O-O 14. Rad1
Bxe3 15. Rxe3 Nf4 16. Re4 g5 17. g3 Nd5 18. Nxd5 cxd5 19. Red4 Be6 20. Kg2 c5
21. R4d2 d4 22. b3 Bd5 23. c4 Bc6 24. h3 h5 25. g4 hxg4 26. hxg4 Rde8 27. Re2
Rh4 28. Kg3 Rh3+ 29. Kxh3 Bxf3 30. Rde1 Bxe2 31. Rxe2 Kd7 32. Kg3 f6 33. f4
gxf4+ 34. Kxf4 Rxe5 35. Rd2 Ke6 36. Rd3 Re2 37. a4 Rc2 38. Rd1 Rc3 39. Rb1 b6
40. g5 fxg5+ 41. Kxg5 Ke5 42. Kg4 Ke4 43. Rb2 d3 44. Rb1 d2 45. Rd1 Kd3 0-1

[Event "Znojemska Rotunda 2009"]
[Site "?"]
[Date "2009.08.16"]
[Round "3.6"]
[White "Skokan, Frantisek"]
[Black "Hemala, Lubos"]
[Result "0-1"]
[WhiteElo "1854"]
[BlackElo "1688"]
[PlyCount "56"]
[EventDate "2009.08.??"]
[SourceDate "2009.08.15"]

1. e4 e5 2. Nf3 Nc6 3. Bc4 Nf6 4. Ng5 d5 5. exd5 Na5 6. Bb5+ c6 7. dxc6 bxc6 8.
Be2 h6 9. Nh3 Bxh3 10. gxh3 Bc5 11. d3 Nd5 12. c3 Qh4 13. O-O Nb7 14. Bf3 O-O-O
15. b4 Bb6 16. Qa4 Rd6 17. Bg4+ Kb8 18. c4 Ne7 19. c5 Bxc5 20. bxc5 Rg6 21. Qe4
h5 22. Qxe5+ Ka8 23. f3 hxg4 24. hxg4 f5 25. g5 Nd5 26. Rf2 f4 27. Rg2 Nxc5 28.
Bd2 Re6 0-1